<?xml version="1.0" encoding="UTF-8"?>
<record
    xmlns:xsi="http://www.w3.org/2001/XMLSchema-instance"
    xsi:schemaLocation="http://www.loc.gov/MARC21/slim http://www.loc.gov/standards/marcxml/schema/MARC21slim.xsd"
    xmlns="http://www.loc.gov/MARC21/slim">

  <leader>01554cam a2200337 i 4500</leader>
  <controlfield tag="001">59710</controlfield>
  <controlfield tag="003">CO-BoRNBP</controlfield>
  <controlfield tag="005">20251029194249.0</controlfield>
  <controlfield tag="007">ta</controlfield>
  <controlfield tag="008">140902s2014    ck     gr     000 p spa d</controlfield>
  <datafield tag="020" ind1=" " ind2=" ">
    <subfield code="a">9789587750874</subfield>
  </datafield>
  <datafield tag="040" ind1=" " ind2=" ">
    <subfield code="a">CO-BoUNC</subfield>
    <subfield code="b">spa</subfield>
    <subfield code="e">rda</subfield>
    <subfield code="c">CO-BoUNC</subfield>
  </datafield>
  <datafield tag="082" ind1="0" ind2="4">
    <subfield code="a">861.865</subfield>
    <subfield code="b">G643no</subfield>
    <subfield code="2">21</subfield>
  </datafield>
  <datafield tag="082" ind1="0" ind2="4">
    <subfield code="a">C861.7</subfield>
    <subfield code="b">G65</subfield>
    <subfield code="2">23</subfield>
  </datafield>
  <datafield tag="082" ind1="0" ind2="4">
    <subfield code="a">861.865</subfield>
    <subfield code="b">G643n</subfield>
    <subfield code="2">23</subfield>
  </datafield>
  <datafield tag="084" ind1=" " ind2=" ">
    <subfield code="a">861.865</subfield>
  </datafield>
  <datafield tag="100" ind1="1" ind2=" ">
    <subfield code="a">Gonz&#xFFFD;lez de Urbina, Mar&#xFFFD;a Clara</subfield>
    <subfield code="d">1952-</subfield>
    <subfield code="e">autor</subfield>
    <subfield code="9">66407</subfield>
  </datafield>
  <datafield tag="245" ind1="1" ind2="0">
    <subfield code="a">No era un viernes /</subfield>
    <subfield code="c">Mar&#xFFFD;a Clara Gonz&#xFFFD;lez de Urbina.</subfield>
  </datafield>
  <datafield tag="250" ind1=" " ind2=" ">
    <subfield code="a">1a. edici&#xF3;n</subfield>
  </datafield>
  <datafield tag="264" ind1=" " ind2="1">
    <subfield code="a">Bogot&#xFFFD; :</subfield>
    <subfield code="b">Universidad Nacional de Colombia (Sede Bogot&#xFFFD;). Facultad de Ciencias Humanas. Departamento de Literatura</subfield>
    <subfield code="c">2014</subfield>
  </datafield>
  <datafield tag="300" ind1=" " ind2=" ">
    <subfield code="a">33 p&#xFFFD;ginas ;</subfield>
    <subfield code="c">22 cm.</subfield>
  </datafield>
  <datafield tag="336" ind1=" " ind2=" ">
    <subfield code="a">texto</subfield>
    <subfield code="b">txt</subfield>
    <subfield code="2">rda contenido</subfield>
  </datafield>
  <datafield tag="337" ind1=" " ind2=" ">
    <subfield code="a">sin mediaci&#xFFFD;n</subfield>
    <subfield code="b">n</subfield>
    <subfield code="2">rda medio</subfield>
  </datafield>
  <datafield tag="338" ind1=" " ind2=" ">
    <subfield code="a">volumen</subfield>
    <subfield code="b">nc</subfield>
    <subfield code="2">rda soporte</subfield>
  </datafield>
  <datafield tag="490" ind1="1" ind2=" ">
    <subfield code="a">Colecci&#xFFFD;n Viernes de Poes&#xFFFD;a</subfield>
    <subfield code="v">103</subfield>
  </datafield>
  <datafield tag="505" ind1="0" ind2=" ">
    <subfield code="a">No era un viernes -- Aguafuerte -- Fruto -- Mutaci&#xFFFD;n -- Verde sombra -- Clamor -- Ceremonial -- Voz que suscita -- Oculta estancia -- Cuerpo -- Obertura -- Entre dos luces -- Clave secreta -- Supernova -- Como estrenando ojos -- Regreso al templo -- Urdimbre -- El gato de Schr&#xFFFD;dinger -- The falling man -- Habla un umbral -- Absoluci&#xFFFD;n -- Visi&#xFFFD;n -- Artemisa -- Augurio -- Fractales -- V&#xFFFD;rtice</subfield>
  </datafield>
  <datafield tag="650" ind1="1" ind2="7">
    <subfield code="a">Poes&#xFFFD;a colombiana</subfield>
    <subfield code="y">Siglo XXI</subfield>
    <subfield code="2">LEMB</subfield>
    <subfield code="9">65714</subfield>
  </datafield>
  <datafield tag="650" ind1="1" ind2="7">
    <subfield code="a">Literatura colombiana</subfield>
    <subfield code="y">Siglo XXI</subfield>
    <subfield code="2">LEMB</subfield>
    <subfield code="9">65</subfield>
  </datafield>
  <datafield tag="830" ind1=" " ind2="0">
    <subfield code="a">Colecci&#xFFFD;n viernes de poes&#xFFFD;a</subfield>
    <subfield code="v">103</subfield>
    <subfield code="9">66408</subfield>
  </datafield>
  <datafield tag="942" ind1=" " ind2=" ">
    <subfield code="2">ddc</subfield>
    <subfield code="c">BK</subfield>
  </datafield>
  <datafield tag="999" ind1=" " ind2=" ">
    <subfield code="c">59710</subfield>
    <subfield code="d">59710</subfield>
  </datafield>
  <datafield tag="952" ind1=" " ind2=" ">
    <subfield code="0">0</subfield>
    <subfield code="1">0</subfield>
    <subfield code="2">ddc</subfield>
    <subfield code="4">0</subfield>
    <subfield code="7">0</subfield>
    <subfield code="8">GEN</subfield>
    <subfield code="a">MEPLOPEZ</subfield>
    <subfield code="b">MEPLOPEZ</subfield>
    <subfield code="c">GEN</subfield>
    <subfield code="d">2025-10-29</subfield>
    <subfield code="l">0</subfield>
    <subfield code="o">861.865 G643no</subfield>
    <subfield code="p">PLZ04242</subfield>
    <subfield code="r">2025-10-29 19:43:14</subfield>
    <subfield code="t">Ej.1</subfield>
    <subfield code="w">2025-10-29</subfield>
    <subfield code="y">BKLIT</subfield>
  </datafield>
</record>
